Discrete Mathematics by Example (Record no. 7493)

000 -LEADER
fixed length control field 00437 a2200145 4500
020 ## - INTERNATIONAL STANDARD BOOK NUMBER
International Standard Book Number 0071229140
082 ## - DEWEY DECIMAL CLASSIFICATION NUMBER
Classification number 511
100 ## - MAIN ENTRY--PERSONAL NAME
Personal name Simpson, Andrew.
245 ## - TITLE STATEMENT
Title Discrete Mathematics by Example
Statement of responsibility, etc. Andrew, Simpson.
260 ## - PUBLICATION, DISTRIBUTION, ETC.
Place of publication, distribution, etc. Singapore:
Name of publisher, distributor, etc. McGraw-Hill book Co.,
Date of publication, distribution, etc. 2002.
300 ## - PHYSICAL DESCRIPTION
Extent x, (various Pagning) :
Other physical details ill. ;
Dimensions 24 cm.
500 ## - GENERAL NOTE
General note Includes Index
650 ## - SUBJECT ADDED ENTRY--TOPICAL TERM
Topical term or geographic name entry element 1.Mathematics.2.Computer Science--Mathematics.
942 ## - ADDED ENTRY ELEMENTS (KOHA)
Koha item type Book
Call number prefix 511 SIM
Holdings
Withdrawn status Lost status Damaged status Not for loan Collection code Permanent Location Current Location Shelving location Date acquired Source of acquisition Cost, normal purchase price Total Checkouts Total Renewals Full call number Barcode Date last seen Date last checked out Price effective from Koha item type
          Central Library (CL) Central Library (CL) General Stacks 02/03/2003 Pak Book Corporation 1144.44 4 1 511 SIM SEECS003024 10/24/2016 10/24/2016 01/05/2017 Book
© 2023 Central Library, National University of Sciences and Technology. All Rights Reserved.